000 00411nam a2200121Ia 4500
008 170221s9999 xx 000 0 und d
245 2 _aA Mathematical Model for Optimal Corporate Alliances: Evidence from Japan
260 _bInternational Journal of Management and Marketing Reseach
260 _c2016
300 _a9 : 1
650 _xMarketing.
856 _uhttp://www.theibfr.com/ARCHIVE/IJMMR-V9N1-2016.pdf
999 _c308075
_d308075